[Event "19th EUR-ch"]
[Site "Batumi GEO"]
[Date "2018.03.17"]
[Round "1.56"]
[White "Alekseev, Evgeny"]
[Black "Lewtak, Damian"]
[Result "1-0"]
[WhiteElo "2617"]
[BlackElo "2370"]
[EventDate "2018.03.17"]
[PlyCount "93"]

1.c4 e5 2.Nc3 Nf6 3.Nf3 Nc6 4.d3 Bb4 5.Bd2 O-O 6.e3 Re8 7.Be2 a5 8.O-O d5 
9.cxd5 Nxd5 10.Rc1 Nxc3 11.Bxc3 Bf5 12.a3 Bf8 13.Qb3 Rb8 14.Rfd1 b5 15.Qc2
a4 16.Be1 Rb6 17.Nd2 Be6 18.Bf3 Bd5 19.Bxd5 Qxd5 20.Nf3 Bd6 21.Ng5 Be7 22.
Ne4 Reb8 23.Bc3 h6 24.d4 exd4 25.Bxd4 Nxd4 26.Rxd4 Qa2 27.Nc3 Qe6 28.Nd5 
Bf6 29.Nxf6+ Qxf6 30.Qxc7 b4 31.g3 bxa3 32.bxa3 g5 33.Rf1 Kg7 34.Qc4 Rb1 
35.Qd3 R1b3 36.Qe4 Rxa3 37.Rxa4 Rxa4 38.Qxa4 Rb2 39.Qe4 h5 40.Kg2 Rd2 41.
h3 Ra2 42.Qd5 Rb2 43.Kg1 Re2 44.h4 Kh6 45.hxg5+ Qxg5 46.Qxf7 Rxe3 47.Rd1 
1-0

[Event "19th EUR-ch"]
[Site "Batumi GEO"]
[Date "2018.03.17"]
[Round "1.57"]
[White "Arabidze, Meri"]
[Black "Antipov, Mikhail"]
[Result "1-0"]
[WhiteElo "2369"]
[BlackElo "2616"]
[EventDate "2018.03.17"]
[PlyCount "87"]

1.d4 Nf6 2.c4 c6 3.Nf3 d5 4.Nbd2 a6 5.e3 Bf5 6.Qb3 Ra7 7.Nh4 Bg6 8.Nxg6 
hxg6 9.Nf3 e6 10.Bd3 Nbd7 11.h3 Bd6 12.Qc2 Qe7 13.a3 Ra8 14.Bd2 Rb8 15.Rd1
Rh5 16.Bc3 g5 17.Ke2 Ng8 18.Ne5 Rh8 19.b4 Ngf6 20.Nf3 Ng8 21.Ne5 Rd8 22.c5
Bc7 23.Rdf1 Ngf6 24.g4 Nxe5 25.dxe5 Nd7 26.Qb2 Kf8 27.f4 Kg8 28.h4 gxf4 
29.exf4 f6 30.g5 fxe5 31.fxe5 Rf8 32.Rf6 b6 33.h5 Rf7 34.Bg6 Nxe5 35.Bxf7+
Nxf7 36.Rg6 e5 37.h6 Nxg5 38.cxb6 Bxb6 39.Rxg7+ Qxg7 40.hxg7 Rxh1 41.Bxe5 
Rh4 42.Qc3 Re4+ 43.Kf1 Bd8 44.Qc5 1-0

[Event "19th EUR-ch"]
[Site "Batumi GEO"]
[Date "2018.03.17"]
[Round "1.59"]
[White "Kacharava, Nikolozi"]
[Black "Paravian, David"]
[Result "1/2-1/2"]
[WhiteElo "2362"]
[BlackElo "2613"]
[EventDate "2018.03.17"]
[PlyCount "100"]

1.e4 g6 2.d4 Bg7 3.Nc3 d6 4.f4 e6 5.Nf3 Ne7 6.Be3 a6 7.Bd3 b5 8.O-O O-O 9.
Qd2 Nd7 10.f5 exf5 11.exf5 Nxf5 12.Bxf5 gxf5 13.Bg5 Nf6 14.Rae1 c6 15.Nh4 
b4 16.Nd1 Qb6 17.Nxf5 Bxf5 18.Rxf5 Nd5 19.Re4 Rfe8 20.Rg4 Re6 21.Ne3 Rg6 
22.Nxd5 cxd5 23.h4 h5 24.Rgf4 Be5 25.Bf6 Re8 26.Qe3 Re6 27.Bxe5 dxe5 28.
Rxe5 Qc7 29.Rf2 Rxe5 30.Qxe5 Qxe5 31.dxe5 Rg4 32.Rd2 Rxh4 33.Rxd5 Rc4 34.
Rd2 Re4 35.Rd8+ Kg7 36.Rb8 Rc4 37.Rb7 Kg6 38.Rb6+ Kf5 39.Rxa6 Rxc2 40.b3 
Kxe5 41.Ra5+ Kf4 42.Rxh5 Rxa2 43.Kh2 Kg4 44.Rb5 f5 45.Rxb4+ f4 46.Rb8 Rb2 
47.b4 f3 48.Rg8+ Kh4 49.Kg1 fxg2 50.Rxg2 Rb1+ 1/2-1/2

[Event "19th EUR-ch"]
[Site "Batumi GEO"]
[Date "2018.03.17"]
[Round "1.60"]
[White "Ponkratov, Pavel"]
[Black "Belous, Mikhail"]
[Result "1/2-1/2"]
[WhiteElo "2613"]
[BlackElo "2355"]
[EventDate "2018.03.17"]
[PlyCount "98"]

1.e4 c5 2.Nf3 d6 3.d4 cxd4 4.Nxd4 Nf6 5.Nc3 a6 6.Be3 e5 7.Nf3 Be7 8.Bc4 
O-O 9.O-O Qc7 10.Bb3 Be6 11.Rc1 Rc8 12.Nh4 g6 13.Nf3 Bc4 14.Re1 Nbd7 15.
Nd2 Be6 16.a4 Qc6 17.Bg5 Bd8 18.Bxe6 fxe6 19.Qf3 Nh5 20.Bh6 Ba5 21.Qh3 Re8
22.Re3 Nf4 23.Qg4 d5 24.exd5 exd5 25.Bxf4 d4 26.Nce4 dxe3 27.Bxe3 Bxd2 28.
Bxd2 Nf6 29.Nxf6+ Qxf6 30.Re1 Qf5 31.Qc4+ Qf7 32.Qe4 Rad8 33.Bc3 Qd5 34.
Qh4 Qf7 35.Qb4 Qd5 36.h3 Rd7 37.f4 e4 38.Be5 Rc8 39.Rxe4 Rxc2 40.Bc3 Kf7 
41.a5 Rd6 42.Qa4 Re6 43.Be5 Qd2 44.Re2 Qxe2 45.Qd7+ Re7 46.Qd5+ Ke8 47.
Qg8+ Kd7 48.Qd5+ Ke8 49.Qg8+ Kd7 1/2-1/2

[Event "19th EUR-ch"]
[Site "Batumi GEO"]
[Date "2018.03.17"]
[Round "1.61"]
[White "Davtian, Artur"]
[Black "Bosiocic, Marin"]
[Result "0-1"]
[WhiteElo "2351"]
[BlackElo "2611"]
[EventDate "2018.03.17"]
[PlyCount "58"]

1.d4 Nf6 2.c4 e6 3.Nf3 d5 4.Nc3 a6 5.cxd5 exd5 6.Bg5 Be6 7.e3 Nbd7 8.Be2 
Bd6 9.Rc1 c6 10.Bf4 Qb8 11.Bxd6 Qxd6 12.O-O Bf5 13.Nh4 Bg6 14.f4 Be4 15.g4
h6 16.Nxe4 Nxe4 17.Nf5 Qf6 18.Bd3 Nd6 19.Ng3 Qh4 20.Kg2 O-O 21.Qf3 Rae8 
22.Rce1 Nf6 23.h3 Nfe4 24.Bxe4 Nxe4 25.Nf5 Qf6 26.Re2 Re6 27.h4 h5 28.Kh1 
hxg4 29.Qxg4 Qxf5 0-1

[Event "19th EUR-ch"]
[Site "Batumi GEO"]
[Date "2018.03.17"]
[Round "1.62"]
[White "Alekseenko, Kirill"]
[Black "Mirzoyan, David"]
[Result "1-0"]
[WhiteElo "2609"]
[BlackElo "2350"]
[EventDate "2018.03.17"]
[PlyCount "73"]

1.d4 d5 2.Bf4 Nf6 3.e3 Bf5 4.Nd2 e6 5.Ngf3 h6 6.Be2 Nbd7 7.O-O Be7 8.c4 c6
9.c5 O-O 10.b4 Ne4 11.Nxe4 Bxe4 12.b5 Bxf3 13.Bxf3 e5 14.Bg3 e4 15.Be2 Bh4
16.Bxh4 Qxh4 17.bxc6 bxc6 18.Qa4 Rfc8 19.Rab1 Rc7 20.Rb3 Nf8 21.Rfb1 Ng6 
22.Rb7 Qe7 23.Qa6 Rxb7 24.Rxb7 Qg5 25.Qxc6 Nh4 26.g3 Nf3+ 27.Bxf3 exf3 28.
Qd7 Rf8 29.h4 Qh5 30.c6 Qg6 31.Qxd5 Rc8 32.Qxf3 Rxc6 33.h5 Qe6 34.d5 Rc1+ 
35.Kg2 Qe8 36.Rxa7 f6 37.Qg4 1-0

[Event "19th EUR-ch"]
[Site "Batumi GEO"]
[Date "2018.03.17"]
[Round "1.63"]
[White "Tsoi, Dmitry"]
[Black "Bartel, Mateusz"]
[Result "0-1"]
[WhiteElo "2347"]
[BlackElo "2609"]
[EventDate "2018.03.17"]
[PlyCount "70"]

1.e4 e6 2.d3 c5 3.f4 d5 4.Be2 Nc6 5.Nf3 Nf6 6.Nbd2 Ng4 7.Nf1 Be7 8.Ne3 h5 
9.Ng5 f6 10.Nh3 f5 11.exf5 exf5 12.O-O Qd6 13.c4 dxc4 14.Nxc4 Qd4+ 15.Kh1 
Be6 16.Ne5 Ncxe5 17.fxe5 O-O-O 18.Bd2 Qxe5 19.Bf4 Qd4 20.Qe1 Bd5 21.Qa5 
Bd6 22.Rac1 Bxf4 23.Rxf4 Qxb2 24.Qxc5+ Kb8 25.Ra4 Qb6 26.Qxb6 axb6 27.Nf4 
Bf7 28.Rb4 Rd6 29.Rcb1 Re8 30.h3 g5 31.hxg4 gxf4 32.Bf1 hxg4 33.Rxf4 Rh8+ 
34.Kg1 g3 35.Rf3 f4 0-1

[Event "19th EUR-ch"]
[Site "Batumi GEO"]
[Date "2018.03.17"]
[Round "1.64"]
[White "Abasov, Nijat"]
[Black "Baglan, Esat"]
[Result "1-0"]
[WhiteElo "2608"]
[BlackElo "2341"]
[EventDate "2018.03.17"]
[PlyCount "97"]

1.Nf3 d5 2.d4 Nf6 3.c4 c6 4.Nc3 dxc4 5.e4 b5 6.Be2 e6 7.O-O Nbd7 8.Qc2 Bb7
9.Rd1 h6 10.b3 cxb3 11.axb3 a6 12.e5 Nd5 13.Nxd5 cxd5 14.Bd2 Rc8 15.Qd3 
Nb8 16.Qe3 Nc6 17.Qf4 f5 18.h4 g6 19.Ne1 Be7 20.Nd3 g5 21.Bh5+ Kd7 22.Qe3 
f4 23.Qh3 Nxd4 24.Nxf4 gxf4 25.Ba5 Qf8 26.Rxd4 Bc5 27.Rd3 Rg8 28.Bg4 Qf7 
29.Qf3 Bc6 30.Bh3 Rg3 31.Qd1 Ke8 32.Rc1 Rxd3 33.Qxd3 Bd7 34.Kf1 d4 35.Bg4 
b4 36.Qxa6 Qe7 37.Bxb4 Qxh4 38.Rxc5 Rxc5 39.Bxc5 Qxg4 40.Qa8+ Kf7 41.f3 
Qg8 42.Qe4 Qg5 43.Kg1 d3 44.Qxd3 Bc6 45.Qd6 Bd5 46.Qf8+ Kg6 47.Qg8+ Kf5 
48.Qf7+ Kxe5 49.Be7 1-0

[Event "19th EUR-ch"]
[Site "Batumi GEO"]
[Date "2018.03.17"]
[Round "1.65"]
[White "Krykun, Yuriy"]
[Black "Andersen, Mads"]
[Result "1/2-1/2"]
[WhiteElo "2340"]
[BlackElo "2605"]
[EventDate "2018.03.17"]
[PlyCount "33"]

1.Nf3 Nf6 2.c4 g6 3.Nc3 Bg7 4.e4 d6 5.d4 O-O 6.Be2 e5 7.Be3 Ng4 8.Bg5 f6 
9.Bc1 Nc6 10.d5 Nd4 11.Nxd4 exd4 12.Nb5 f5 13.O-O Ne5 14.exf5 d3 15.Bxd3 
Nxd3 16.Qxd3 Bxf5 17.Qd1 1/2-1/2

[Event "19th EUR-ch"]
[Site "Batumi GEO"]
[Date "2018.03.17"]
[Round "1.66"]
[White "Martinovic, Sasa"]
[Black "Konaplev, Anton"]
[Result "1/2-1/2"]
[WhiteElo "2604"]
[BlackElo "2337"]
[EventDate "2018.03.17"]
[PlyCount "96"]

1.d4 Nf6 2.c4 e6 3.Nc3 Bb4 4.g3 d5 5.Bg2 O-O 6.a3 Bxc3+ 7.bxc3 c6 8.Nf3 
Nbd7 9.O-O b6 10.Nd2 Bb7 11.e4 e5 12.Re1 Qc7 13.Qb3 Rfe8 14.Bb2 dxe4 15.
Nxe4 Nxe4 16.Bxe4 c5 17.d5 Qd6 18.Bc1 h6 19.Bd2 Nf6 20.Bg2 Re7 21.a4 Rb8 
22.a5 Bc8 23.axb6 axb6 24.f4 e4 25.f5 Bxf5 26.Bf4 Qd8 27.Bxb8 Qxb8 28.Rab1
Nd7 29.Re3 Kh7 30.h3 Bg6 31.Qd1 f5 32.Qf1 Ne5 33.Qf4 Qd6 34.Re2 Rb7 35.
Reb2 Qf6 36.Rxb6 Nd3 37.Rxb7 Nxf4 38.gxf4 Qxc3 39.Kh1 Bh5 40.d6 Qd3 41.d7 
Bd1 42.Ra1 Bf3 43.Rg1 Bxg2+ 44.Rxg2 Qf1+ 45.Kh2 Qxf4+ 46.Kh1 Qf1+ 47.Kh2 
Qf4+ 48.Kh1 Qf1+ 1/2-1/2

[Event "19th EUR-ch"]
[Site "Batumi GEO"]
[Date "2018.03.17"]
[Round "1.67"]
[White "Danielyan, Vahe"]
[Black "Can, Emre"]
[Result "1-0"]
[WhiteElo "2331"]
[BlackElo "2603"]
[EventDate "2018.03.17"]
[PlyCount "85"]

1.e4 c5 2.Nc3 Nc6 3.Bb5 Nd4 4.Bc4 a6 5.a4 g6 6.Nf3 Bg7 7.Nxd4 cxd4 8.Qf3 
e6 9.Ne2 Ne7 10.O-O O-O 11.d3 b6 12.Qh3 d5 13.Bb3 dxe4 14.dxe4 Bb7 15.Bg5 
Qc7 16.Rad1 Nc6 17.f4 Na5 18.e5 Nxb3 19.cxb3 Qc2 20.Nxd4 Qxb2 21.Be7 Rfc8 
22.Bb4 Bf8 23.Rd2 Qc1 24.Rxc1 Rxc1+ 25.Kf2 Bxb4 26.Rc2 Rc8 27.Rxc8+ Rxc8 
28.Ke2 Rd8 29.Nxe6 Rd2+ 30.Ke3 Rc2 31.Qh4 fxe6 32.f5 Rc3+ 33.Ke2 a5 34.
Qd8+ Kg7 35.Qd7+ Kh6 36.Qxb7 exf5 37.Qxb6 Rxb3 38.e6 Rb1 39.Qe3+ g5 40.Qb6
Re1+ 41.Kf2 Re4 42.Qc6 g4 43.e7+ 1-0

[Event "19th EUR-ch"]
[Site "Batumi GEO"]
[Date "2018.03.17"]
[Round "1.68"]
[White "Bindrich, Falko"]
[Black "Aliev, Ravan"]
[Result "1-0"]
[WhiteElo "2602"]
[BlackElo "2330"]
[EventDate "2018.03.17"]
[PlyCount "85"]

1.Nf3 d5 2.d4 Nf6 3.c4 c6 4.e3 e6 5.b3 Nbd7 6.Bb2 Bd6 7.Bd3 O-O 8.O-O b6 
9.Nbd2 Bb7 10.Ne5 c5 11.cxd5 exd5 12.f4 cxd4 13.exd4 Ne4 14.Nxe4 dxe4 15.
Bc4 Nf6 16.Qe2 a6 17.a4 Bb4 18.Kh1 Qd6 19.f5 Bd5 20.Rac1 b5 21.axb5 axb5 
22.Bxb5 Bxb3 23.Rc6 Qe7 24.Rb6 Bd5 25.Bc6 Bxc6 26.Nxc6 Qc7 27.Qb5 Ba3 28.
Bxa3 Rxa3 29.Qc5 Nd5 30.f6 Qxb6 31.Ne7+ Nxe7 32.Qxb6 Ng6 33.fxg7 Kxg7 34.
h4 h5 35.d5 Rd3 36.Qf6+ Kg8 37.Qf5 Rd4 38.Qxh5 e3 39.g3 Rd2 40.Qf3 e2 41.
Re1 Re8 42.h5 Nf8 43.Qg4+ 1-0

[Event "19th EUR-ch"]
[Site "Batumi GEO"]
[Date "2018.03.17"]
[Round "1.69"]
[White "Petriashvili, Nikoloz"]
[Black "Hovhannisyan, Robert"]
[Result "0-1"]
[WhiteElo "2329"]
[BlackElo "2601"]
[EventDate "2018.03.17"]
[PlyCount "80"]

1.d4 d5 2.c4 e6 3.Nf3 Nf6 4.Nc3 c6 5.cxd5 exd5 6.Bg5 Bf5 7.e3 Nbd7 8.Bd3 
Bxd3 9.Qxd3 Bd6 10.O-O O-O 11.Rab1 a5 12.Rfc1 Re8 13.Na4 Qb8 14.Bxf6 Nxf6 
15.Nc5 Ne4 16.Qc2 Qc7 17.g3 Bxc5 18.dxc5 Re6 19.Nd4 Rf6 20.Rf1 Qe7 21.Rbc1
h5 22.f3 Ng5 23.Rce1 Ne6 24.Nxe6 Rxe6 25.Qc3 h4 26.Qd4 Re8 27.Kf2 Rh6 28.
Rg1 Qg5 29.Qf4 hxg3+ 30.hxg3 Qg6 31.e4 dxe4 32.Rxe4 Rxe4 33.fxe4 Qh5 34.e5
Qg6 35.Qd4 Rh2+ 36.Ke3 Qg5+ 37.Qf4 Qd8 38.Rf1 Qd2+ 39.Ke4 Qc2+ 40.Ke3 Re2+
0-1

[Event "19th EUR-ch"]
[Site "Batumi GEO"]
[Date "2018.03.17"]
[Round "1.70"]
[White "Jojua, Davit"]
[Black "Pogosyan, Stefan"]
[Result "1/2-1/2"]
[WhiteElo "2601"]
[BlackElo "2322"]
[EventDate "2018.03.17"]
[PlyCount "159"]

1.d4 d5 2.c4 c6 3.Nf3 Nf6 4.e3 Bf5 5.Nc3 e6 6.Nh4 Bg6 7.Be2 Nbd7 8.O-O Be7
9.g3 O-O 10.Nxg6 hxg6 11.Qc2 dxc4 12.Bxc4 c5 13.dxc5 Nxc5 14.Rd1 Qc7 15.
Bd2 Rac8 16.Rac1 a6 17.Be1 b5 18.Bf1 Qb6 19.Bg2 Ncd7 20.Qb1 Ne5 21.Ne2 Nc4
22.Nd4 Nd5 23.Bxd5 exd5 24.b3 Ne5 25.Bc3 Qb7 26.Bb2 Rxc1 27.Qxc1 Rc8 28.
Qd2 Bf6 29.Kg2 b4 30.Qe2 Rc5 31.h4 Qc8 32.a3 a5 33.axb4 axb4 34.Ra1 Nc6 
35.Qd3 Bxd4 36.Bxd4 Ra5 37.Rxa5 Nxa5 38.Bb6 Nc4 39.Qd4 Qc6 40.bxc4 dxc4+ 
41.e4 c3 42.Qxb4 c2 43.Be3 c1=Q 44.Bxc1 Qxc1 45.Qb8+ Kh7 46.Qb7 Kg8 47.
Qa8+ Kh7 48.Qd5 f6 49.Qd3 Qc6 50.g4 Qc1 51.Qe3 Qc6 52.Kg3 Qc7+ 53.f4 g5 
54.hxg5 fxg5 55.e5 gxf4+ 56.Qxf4 Kg8 57.g5 Qc3+ 58.Kg4 Qc6 59.Qf3 Qe6+ 60.
Qf5 Qc6 61.Qf3 Qe6+ 62.Kf4 Qc4+ 63.Qe4 Qf1+ 64.Kg4 Qg1+ 65.Kf5 Qf2+ 66.Ke6
Qb6+ 67.Kd7 Qb5+ 68.Kd6 Qb8+ 69.Kc5 Qa7+ 70.Kb5 Qb8+ 71.Kc4 Qc7+ 72.Kd4 
Qb6+ 73.Kc3 Qa5+ 74.Kb3 Qb6+ 75.Kc2 Qc7+ 76.Kb2 Qb6+ 77.Kc3 Qa5+ 78.Kc4 
Qc7+ 79.Kd4 Qb6+ 80.Kc3 1/2-1/2

[Event "19th EUR-ch"]
[Site "Batumi GEO"]
[Date "2018.03.17"]
[Round "1.71"]
[White "Martynov, Roman"]
[Black "Bologan, Viorel"]
[Result "1-0"]
[WhiteElo "2319"]
[BlackElo "2600"]
[EventDate "2018.03.17"]
[PlyCount "69"]

1.d4 d6 2.Nf3 Nf6 3.c4 g6 4.Nc3 Bf5 5.g3 Ne4 6.Nxe4 Bxe4 7.Be3 Bg7 8.Qd2 
d5 9.cxd5 Bxf3 10.exf3 Qxd5 11.Bg2 Nc6 12.O-O Nxd4 13.f4 Qd6 14.Bxd4 O-O-O
15.Qc2 Bxd4 16.Qb3 Qb6 17.Qxf7 Bxb2 18.Rad1 Qf6 19.Qb3 c6 20.a4 Kc7 21.a5 
Qc3 22.Qe6 Qf6 23.Qb3 Qc3 24.Qe6 Qc5 25.a6 b5 26.Rfe1 Rxd1 27.Rxd1 Bd4 28.
Rxd4 Qxd4 29.Qxc6+ Kd8 30.Qa8+ Kd7 31.Qc6+ Kd8 32.Qa8+ Kd7 33.Qc6+ Kd8 34.
Bd5 Qd1+ 35.Kg2 1-0

[Event "19th EUR-ch"]
[Site "Batumi GEO"]
[Date "2018.03.17"]
[Round "1.72"]
[White "Mchedlishvili, Mikheil"]
[Black "Akhvlediani, Irakli"]
[Result "1-0"]
[WhiteElo "2600"]
[BlackElo "2318"]
[EventDate "2018.03.17"]
[PlyCount "107"]

1.d4 Nf6 2.c4 g6 3.g3 Bg7 4.Bg2 O-O 5.Nc3 d6 6.Nf3 Nc6 7.O-O e5 8.dxe5 
dxe5 9.Bg5 Be6 10.Qc1 Qc8 11.Rd1 Rd8 12.Rxd8+ Qxd8 13.Ne4 Bf5 14.Nfd2 Nd4 
15.Qd1 Bg4 16.f3 Bf5 17.e3 Nc6 18.Qb3 Rb8 19.Rd1 Qe7 20.Nc3 Qc5 21.Qb5 
Qxb5 22.cxb5 Ne7 23.e4 Be6 24.Bf1 Rd8 25.Bc4 Bxc4 26.Nxc4 Rxd1+ 27.Nxd1 c6
28.Nc3 cxb5 29.Nxb5 Nc6 30.Ncd6 a6 31.Nc7 Nd8 32.Kf1 h6 33.Be3 Bf8 34.Nc4 
Nc6 35.Ke2 h5 36.a3 Nd7 37.b4 Be7 38.Nd5 Kf8 39.Kd3 f6 40.Ncb6 Nxb6 41.
Bxb6 Ke8 42.Kc4 Kd7 43.a4 Ke6 44.b5 axb5+ 45.axb5 Nb8 46.Nxe7 Kxe7 47.Kd5 
Nd7 48.Be3 g5 49.h4 gxh4 50.gxh4 b6 51.Kc6 Nf8 52.Bxb6 Ne6 53.Bc5+ Kd8 54.
b6 1-0

[Event "19th EUR-ch"]
[Site "Batumi GEO"]
[Date "2018.03.17"]
[Round "1.73"]
[White "Oboladze, Luka"]
[Black "Kobalia, Mikhail"]
[Result "0-1"]
[WhiteElo "2318"]
[BlackElo "2599"]
[EventDate "2018.03.17"]
[PlyCount "90"]

1.d4 f5 2.Nc3 Nf6 3.Bg5 d5 4.Bxf6 exf6 5.e3 Be6 6.Bd3 g6 7.Nge2 Bf7 8.a3 
Qd7 9.Qd2 Nc6 10.b4 Ne7 11.Nc1 Nc8 12.Nb3 b6 13.O-O Nd6 14.f3 Bh6 15.Qf2 
O-O 16.f4 Rfe8 17.Rfe1 Bf8 18.h3 Qc6 19.Ne2 Nc4 20.Bxc4 dxc4 21.Nd2 a5 22.
c3 Qa4 23.Rec1 Bd5 24.Nf1 Ra7 25.Rcb1 Qd7 26.Qe1 Be4 27.Rc1 Qd5 28.Qf2 Bd3
29.Neg3 Rea8 30.Qb2 Bd6 31.Nh1 Qe6 32.Re1 g5 33.fxg5 fxg5 34.Nf2 Bxf1 35.
Rxf1 axb4 36.cxb4 Qxe3 37.Qc2 Rxa3 38.Rxa3 Rxa3 39.Qxf5 Ra2 40.Kh1 Qf4 41.
Qe6+ Kg7 42.Qd7+ Qf7 43.Qxf7+ Kxf7 44.Ne4+ Ke7 45.Nxg5 c3 0-1

[Event "19th EUR-ch"]
[Site "Batumi GEO"]
[Date "2018.03.17"]
[Round "1.74"]
[White "Kovchan, Alexander"]
[Black "Murzin, Volodar"]
[Result "1/2-1/2"]
[WhiteElo "2596"]
[BlackElo "2316"]
[EventDate "2018.03.17"]
[PlyCount "94"]

1.e4 c5 2.Nf3 d6 3.d4 cxd4 4.Nxd4 Nf6 5.Nc3 a6 6.Be2 e5 7.Nb3 Be7 8.O-O 
O-O 9.Be3 Be6 10.Qd2 Nc6 11.Rfd1 Rc8 12.f3 Nb8 13.Rac1 Nbd7 14.Nd5 Nxd5 
15.exd5 Bf5 16.Na5 Qc7 17.c4 e4 18.fxe4 Bxe4 19.b4 Ne5 20.c5 Qd7 21.Nc4 
Nxc4 22.Rxc4 f5 23.Qc1 Rfe8 24.Bf4 Bf8 25.Bf1 Kh8 26.h3 h6 27.Kh2 Kh7 28.
Bg3 Red8 29.a3 Qf7 30.Qd2 Qg6 31.Qf4 Be7 32.Bd3 Bxd3 33.Rxd3 Bg5 34.Qf3 f4
35.Bf2 Re8 36.c6 b5 37.Rc1 Bf6 38.Rdd1 Qf5 39.Qd3 Kg6 40.Qxf5+ Kxf5 41.Re1
Re4 42.g4+ Ke5 43.Rcd1 Rxe1 44.Bxe1 Ke4 45.Kg2 g6 46.Kf1 Bd4 47.Ke2 g5 
1/2-1/2

[Event "19th EUR-ch"]
[Site "Batumi GEO"]
[Date "2018.03.17"]
[Round "1.75"]
[White "Demianjuk, Alexander"]
[Black "Predke, Alexander"]
[Result "0-1"]
[WhiteElo "2313"]
[BlackElo "2595"]
[EventDate "2018.03.17"]
[PlyCount "38"]

1.d4 Nf6 2.c4 e6 3.Nf3 Nc6 4.a3 d5 5.cxd5 exd5 6.Bg5 h6 7.Bh4 g5 8.Bg3 Ne4
9.Ne5 Nxe5 10.Bxe5 f6 11.Bg3 h5 12.h4 Nxg3 13.fxg3 Bf5 14.hxg5 Qd6 15.Qb3 
O-O-O 16.gxf6 Qxf6 17.Nc3 Qxd4 18.Nb5 Qb6 19.Rc1 a6 0-1

[Event "19th EUR-ch"]
[Site "Batumi GEO"]
[Date "2018.03.17"]
[Round "1.76"]
[White "Smirin, Ilia"]
[Black "Gharibian, Mamikon"]
[Result "1-0"]
[WhiteElo "2594"]
[BlackElo "2312"]
[EventDate "2018.03.17"]
[PlyCount "107"]

1.e4 e5 2.Nf3 Nc6 3.Bc4 Bc5 4.d3 Nf6 5.O-O d6 6.a4 a6 7.c3 Ba7 8.Re1 O-O 
9.b4 Bd7 10.Na3 Ne7 11.Bb3 Ng6 12.Nc4 h6 13.d4 b5 14.Na5 Bb6 15.h3 Qe7 16.
d5 Nh5 17.c4 Nhf4 18.Nc6 Qf6 19.c5 dxc5 20.a5 Ba7 21.Nxa7 c4 22.Nxb5 axb5 
23.Bc2 Ra6 24.Ra3 c6 25.Bb2 Re8 26.Rae3 Qd6 27.dxc6 Qxc6 28.Nh2 Qc7 29.Rg3
Rd6 30.Qc1 Bc8 31.Ng4 Rc6 32.Ne3 Be6 33.Nd1 Qe7 34.Bxe5 Nxh3+ 35.gxh3 Nxe5
36.Qxh6 Ng6 37.Qd2 c3 38.Nxc3 Qxb4 39.Rb1 Qxa5 40.Rxb5 Qc7 41.Bb3 Bxb3 42.
Rxb3 Rce6 43.Qd4 Qf4 44.Qe3 Qd6 45.Rb5 Re5 46.Rb1 Qf6 47.Rf1 Nf4 48.Kh2 
Rh5 49.Rfg1 Ne6 50.Nd5 Qb2 51.R1g2 g6 52.f4 Qg7 53.f5 Nf8 54.Qb6 1-0

[Event "19th EUR-ch"]
[Site "Batumi GEO"]
[Date "2018.03.17"]
[Round "1.77"]
[White "Shevelev, Arkady"]
[Black "Pantsulaia, Levan"]
[Result "0-1"]
[WhiteElo "2309"]
[BlackElo "2593"]
[EventDate "2018.03.17"]
[PlyCount "110"]

1.e4 c5 2.Nf3 a6 3.d4 cxd4 4.Nxd4 Nf6 5.Nc3 e5 6.Nf3 Nc6 7.Bc4 Bc5 8.O-O 
d6 9.h3 Be6 10.Bb3 O-O 11.Qd3 h6 12.Be3 Bxe3 13.Qxe3 Na5 14.Rfd1 Qc7 15.
Nd5 Bxd5 16.Bxd5 Qxc2 17.Qb6 Nxd5 18.Qxa5 Nf6 19.Rac1 Qxb2 20.Rb1 Qc2 21.
Rbc1 Qxe4 22.Rxd6 Rfe8 23.Re1 Qf4 24.Qb6 e4 25.Rd4 Re7 26.Nd2 Rae8 27.Nc4 
Qc7 28.Qb4 Rd8 29.Rxd8+ Qxd8 30.Ne3 b5 31.Qb2 Rd7 32.g3 Qb6 33.Nf5 Qe6 34.
g4 Rd3 35.Ne3 h5 36.Qe2 Nh7 37.f4 hxg4 38.hxg4 Qd6 39.Nf5 Qxf4 40.Qxe4 
Qxe4 41.Rxe4 Ng5 42.Re8+ Kh7 43.Re2 g6 44.Ne3 Nh3+ 45.Kh2 Nf4 46.Rf2 Rxe3 
47.Rxf4 Ra3 48.Rxf7+ Kh6 49.Rf2 Kg5 50.Rd2 b4 51.Kg2 a5 52.Rd6 Rxa2+ 53.
Kf3 Ra3+ 54.Ke4 b3 55.Ra6 b2 0-1

[Event "19th EUR-ch"]
[Site "Batumi GEO"]
[Date "2018.03.17"]
[Round "1.78"]
[White "Brkic, Ante"]
[Black "Gvetadze, Sofio"]
[Result "1-0"]
[WhiteElo "2590"]
[BlackElo "2308"]
[EventDate "2018.03.17"]
[PlyCount "113"]

1.e4 c5 2.Nf3 Nc6 3.d4 cxd4 4.Nxd4 g6 5.c4 Bg7 6.Be3 Nf6 7.Nc3 d6 8.Be2 
O-O 9.O-O Bd7 10.h3 Nxd4 11.Bxd4 Bc6 12.Qc2 a5 13.Rad1 Nd7 14.Bxg7 Kxg7 
15.Bg4 Ra6 16.Rfe1 Qe8 17.Bxd7 Bxd7 18.e5 dxe5 19.Rxe5 Be6 20.Nd5 Bxd5 21.
Rexd5 Qc6 22.Qe2 Qf6 23.Re5 e6 24.Rb5 Qe7 25.Qe5+ f6 26.Qe4 Rf7 27.Rd3 Qc7
28.b3 Rc6 29.Qd4 a4 30.Qd8 axb3 31.axb3 Qxd8 32.Rxd8 Re7 33.Kf1 Rcc7 34.
Rb6 e5 35.Ke2 f5 36.g4 Rcd7 37.Rxd7 Rxd7 38.gxf5 gxf5 39.h4 h5 40.c5 e4 
41.f3 Re7 42.b4 Kf7 43.fxe4 Rxe4+ 44.Kf3 Rxh4 45.b5 Rc4 46.Rxb7+ Ke6 47.
Rc7 Rc3+ 48.Kg2 Rc2+ 49.Kh3 Rc3+ 50.Kh4 f4 51.b6 f3 52.b7 Rb3 53.Kh3 h4 
54.Rc6+ Kf5 55.Rb6 f2+ 56.Kg2 Rf3 57.Kf1 1-0

[Event "19th EUR-ch"]
[Site "Batumi GEO"]
[Date "2018.03.17"]
[Round "1.79"]
[White "Mgeladze, Tamaz"]
[Black "Hracek, Zbynek"]
[Result "1/2-1/2"]
[WhiteElo "2303"]
[BlackElo "2589"]
[EventDate "2018.03.17"]
[PlyCount "90"]

1.c4 e5 2.g3 c6 3.Nf3 e4 4.Nd4 Qb6 5.e3 Nf6 6.Nc3 d5 7.d3 Bb4 8.Bd2 Bg4 9.
Be2 Bxe2 10.Qxe2 exd3 11.Qxd3 dxc4 12.Qxc4 Nbd7 13.O-O Ne5 14.Qb3 Bc5 15.
Na4 Qxb3 16.Nxb3 Nf3+ 17.Kg2 Nxd2 18.Nxd2 Be7 19.Rfd1 O-O-O 20.Kf3 h5 21.
Nc3 g5 22.h3 g4+ 23.hxg4 hxg4+ 24.Ke2 Rh2 25.a3 Rdh8 26.Rac1 R8h5 27.Nf1 
Rg2 28.Rd4 Rf5 29.Rf4 Rxf4 30.exf4 Bc5 31.Ne3 Bxe3 32.Kxe3 Rh2 33.Rd1 Kc7 
34.Rd4 Rh5 35.Ne4 Nd5+ 36.Ke2 f5 37.Nc5 Rh7 38.Nd3 Rh1 39.Ne5 Rb1 40.Rd2 
a5 41.f3 gxf3+ 42.Kxf3 Rh1 43.Rg2 a4 44.g4 Rf1+ 45.Rf2 Rxf2+ 1/2-1/2

[Event "19th EUR-ch"]
[Site "Batumi GEO"]
[Date "2018.03.17"]
[Round "1.80"]
[White "Bogner, Sebastian"]
[Black "Barseghian, Armen Ar."]
[Result "1/2-1/2"]
[WhiteElo "2588"]
[BlackElo "2298"]
[EventDate "2018.03.17"]
[PlyCount "65"]

1.e4 c6 2.d4 d5 3.Nd2 dxe4 4.Nxe4 Nf6 5.Nxf6+ exf6 6.c3 Bd6 7.Bd3 O-O 8.
Ne2 Re8 9.Qc2 f5 10.Bxf5 Bxf5 11.Qxf5 Nd7 12.Be3 Nb6 13.O-O Nc4 14.b3 g6 
15.Qf3 Nxe3 16.fxe3 f5 17.Nf4 Re4 18.g3 Qa5 19.c4 Bxf4 20.exf4 Rxd4 21.
Rad1 Qb6 22.Kg2 Rad8 23.Rfe1 Rxd1 24.Rxd1 Rxd1 25.Qxd1 Qe3 26.Kh3 Kg7 27.
Qd7+ Kh6 28.Qxb7 Qe2 29.Qxc6 Qg4+ 30.Kg2 Qe2+ 31.Kg1 Qe1+ 32.Kg2 Qe2+ 33.
Kg1 1/2-1/2

[Event "19th EUR-ch"]
[Site "Batumi GEO"]
[Date "2018.03.17"]
[Round "1.81"]
[White "Eminov, Orkhan"]
[Black "Donchenko, Alexander"]
[Result "1-0"]
[WhiteElo "2295"]
[BlackElo "2588"]
[EventDate "2018.03.17"]
[PlyCount "69"]

1.e4 c5 2.Nf3 d6 3.Bb5+ Nd7 4.d4 cxd4 5.Qxd4 a6 6.Bxd7+ Bxd7 7.Bg5 Rc8 8.
Nc3 h6 9.Bh4 e5 10.Qd3 Qa5 11.O-O Be6 12.Rfd1 g5 13.Bg3 Be7 14.Nd5 Bxd5 
15.exd5 Nf6 16.Nxe5 dxe5 17.d6 Nd7 18.dxe7 Qc7 19.Qf5 Kxe7 20.Rd5 f6 21.
Rad1 Rcd8 22.h4 Qc6 23.Qg6 Ke6 24.c4 b5 25.b3 bxc4 26.bxc4 a5 27.a4 Rhg8 
28.Qxh6 gxh4 29.Qxh4 Rg7 30.Qh6 Kf7 31.Rd6 Qxa4 32.c5 Kg8 33.c6 Rh7 34.
Qg6+ Kh8 35.cxd7 1-0

[Event "19th EUR-ch"]
[Site "Batumi GEO"]
[Date "2018.03.17"]
[Round "1.82"]
[White "Gajewski, Grzegorz"]
[Black "Sandu, Mihaela"]
[Result "1-0"]
[WhiteElo "2588"]
[BlackElo "2289"]
[EventDate "2018.03.17"]
[PlyCount "71"]

1.e4 c5 2.Nf3 d6 3.d4 cxd4 4.Nxd4 Nf6 5.Nc3 a6 6.g3 g6 7.Bg2 Bg7 8.O-O O-O
9.h3 Bd7 10.Be3 Nc6 11.Nce2 Nxd4 12.Nxd4 Qc8 13.Kh2 Bc6 14.Nxc6 bxc6 15.c4
Qe6 16.Qc2 Rab8 17.b3 h5 18.Rae1 a5 19.f4 Nd7 20.e5 dxe5 21.f5 gxf5 22.
Rxf5 a4 23.Ref1 axb3 24.axb3 Nf6 25.Bg5 Rfd8 26.Bxf6 Bxf6 27.Rxh5 Kf8 28.
g4 e4 29.g5 Be5+ 30.Kh1 Rd3 31.Rh6 f6 32.Qe2 Ke8 33.gxf6 Kd7 34.Qxe4 Rbxb3
35.Qxc6+ Qxc6 36.Bxc6+ 1-0

[Event "19th EUR-ch"]
[Site "Batumi GEO"]
[Date "2018.03.17"]
[Round "1.83"]
[White "Demircioglu, Emre"]
[Black "Ivanisevic, Ivan"]
[Result "0-1"]
[WhiteElo "2285"]
[BlackElo "2587"]
[EventDate "2018.03.17"]
[PlyCount "148"]

1.d4 Nf6 2.Nf3 e6 3.c4 c5 4.d5 exd5 5.cxd5 d6 6.Nc3 g6 7.Nd2 Bg7 8.e4 O-O 
9.Be2 Ne8 10.O-O f5 11.exf5 Bxf5 12.Nde4 Na6 13.Bg5 Qb6 14.Qd2 Bxe4 15.
Nxe4 Nf6 16.Nxf6+ Bxf6 17.Bxf6 Rxf6 18.Rae1 Qb4 19.Qc3 Qxc3 20.bxc3 Nc7 
21.c4 Rf4 22.g3 Rd4 23.Rd1 Re8 24.Rxd4 cxd4 25.Bg4 h5 26.Bf3 Na6 27.Rd1 b6
28.Kf1 Nb4 29.Rd2 d3 30.Bd1 Re4 31.a3 Na6 32.Rxd3 Rxc4 33.Be2 Nc5 34.Re3 
Rd4 35.Re7 Ra4 36.Re3 Kf7 37.Rf3+ Ke7 38.Re3+ Kf6 39.Bb5 Rd4 40.Rf3+ Kg7 
41.Be8 Re4 42.Bc6 a6 43.h4 b5 44.Rc3 Re5 45.Rc2 Kf6 46.Rc3 Ke7 47.Rf3 Ne4 
48.Kg2 Nc5 49.Kf1 Re4 50.Rc3 Kf6 51.f3 b4 52.axb4 Rxb4 53.Re3 a5 54.Re8 a4
55.Ra8 Ke5 56.Be8 Kd4 57.Bxg6 Kc3 58.Be8 Kb3 59.Bxa4+ Nxa4 60.Rd8 Rb6 61.
g4 Kc4 62.Kf2 Kxd5 63.Ke3 Nc5 64.Rh8 Rb3+ 65.Kf2 Nd3+ 66.Ke2 Kd4 67.gxh5 
Rb2+ 68.Kf1 Ke3 69.Rd8 Kxf3 70.Kg1 Ne5 71.Rf8+ Kg3 72.Rg8+ Ng4 73.Kf1 Kxh4
74.Rg6 Rf2+ 0-1